Get the Picture: Explorers by Country Quiz Stats

 Plays Quiz Updated Jun 26, 2019

Score 0/16 Timer 02:00
2 Plays Today
Question Answer Wrong Answers
James Cook UK
93%
Italy
1%
Spain
0.8%
France
0.7%
David Livingstone UK
92.8%
Italy
1.3%
Spain
0.5%
France
0.8%
Jacques Cartier France
90.7%
Italy
2.2%
Spain
1.8%
UK
1.1%
Henry Hudson UK
90.6%
Italy
1.7%
Spain
1%
France
2.6%
Jean Ribault France
90.5%
Italy
2.5%
Spain
1.5%
UK
1%
Jacques Marquette France
90.2%
Italy
2.4%
Spain
2.6%
UK
0.5%
Hernán Cortés Spain
90%
Italy
3.5%
UK
0.3%
France
2.1%
Vasco Núñez de Balboa Spain
89%
Italy
5.5%
UK
0.1%
France
1%
Francis Drake UK
88.8%
Italy
1.6%
Spain
1.8%
France
3.4%
Samuel de Champlain France
83.3%
Italy
2.7%
Spain
5.6%
UK
3.7%
Amerigo Vespucci Italy
82.3%
Spain
11.8%
UK
0.4%
France
1.3%
Marco Polo Italy
81%
Spain
10.7%
UK
1.5%
France
2.7%
Juan Ponce de León Spain
77.7%
Italy
4%
UK
0.1%
France
13.9%
Christopher Columbus Italy
62.6%
Spain
26%
UK
5.8%
France
1.4%
Francisco Pizarro Spain
57.8%
Italy
35.6%
UK
0.3%
France
2.5%
John Cabot Italy
15%
Spain
2.5%
UK
61.2%
France
17.7%

Today's Daily Dose

You're not logged in!

Compare scores with friends on all Sporcle quizzes.
OR
Log In

Sporcle TV

Today on Sporcle TV


Watch our educational content, quiz creation guides, and fun videos on Sporcle TV.

Show Comments

Extras

Top Quizzes Today


Score Distribution

Your Account Isn't Verified!

In order to create a playlist on Sporcle, you need to verify the email address you used during registration. Go to your Sporcle Settings to finish the process.

Report this User

Report this user for behavior that violates our Community Guidelines.

Details: